00953nam a2200193Ia 4500001000900000003001000009008004100019040002500060041001300085100004100098245003800139250001100177260004200188300001200230500018700242501011400429520018700543650002900730L099-515IT-CnALBA170116s9999||||xx |||||||||||||| ||und|| aIT-CnALBAcIT-CnALBA aITALIANO aMALATESTA GARUFFI GIUSEPPE DA RIMINO 0aIL PARROCO CATECHISTA - PARTE II  a1a ed. bANDREA POLETTI'c1709 [1° Ed.: n.d.] a346 p.  aORAZIONE DOMENICALE. SALUTAZIONE ANGELICA. AVE MARIA. MARIA VERGINE. PADRE NOSTRO. NATURA E SPECIE DELL'ORAZIONE DOMENICALE. CATECHESI. CATECHESI DEL PADRE NOSTRO E DELL'AVE MARIA! ' aSocietà San Paolo EM - Piazza San Paolo, 14 - 12051 ALBA (CN) (non commercial uses only) ® Copyright 2017 aORAZIONE DOMENICALE. SALUTAZIONE ANGELICA. AVE MARIA. MARIA VERGINE. PADRE NOSTRO. NATURA E SPECIE DELL'ORAZIONE DOMENICALE. CATECHESI. CATECHESI DEL PADRE NOSTRO E DELL'AVE MARIA! ' aLIBRI DI PICCOLO FORMATO